000 00298nam a2200109Ia 4500
008 200302s9999 xx 000 0 und d
100 _aGeorge Michell
245 _aMughal Style the art and Architecture of Islamic India
260 _bIndia Book House Pvt., Ltd.,
260 _c2007
300 _a287 P.,
999 _c3893
_d3893